| 000 | 00731nam a2200205Ii 4500 | ||
|---|---|---|---|
| 003 | JO-AjNU | ||
| 008 | 230605s9999||||xx |||||||||||||| ||und|| | ||
| 040 |
_aJO-AjNU _bara _erda _cJO-AjNU |
||
| 041 | _aara | ||
| 050 | 1 | 4 | _aDS38.14.H3258 1991 |
| 100 | 3 |
_aحبوش، طاهر جليل, _eauthor _941083 |
|
| 245 | 0 | 0 | _aاوائل العرب عبر العصور والحقب: عصر ما قبل الاسلام، الجزء الأول |
| 250 | _aط1 | ||
| 264 | 3 | 1 | _aد.ن، 1991 |
| 300 |
_aج1، 329ص _bفهارس من ص(298- 321 ) |
||
| 336 |
_atext _btxt _2rdacontent |
||
| 337 |
_aunmediated _bn _2rdamedia |
||
| 338 |
_avolume _bnc _2rdacarrier |
||
| 650 | 4 |
_aالعرب -عصر ما قبل الاسلام-تاريخ _941084 |
|
| 999 |
_aA17487 _c21055 _d21055 |
||